| 000 | 00874nam a2200253Ia 4500 | ||
|---|---|---|---|
| 003 | OSt | ||
| 005 | 20220926015001.0 | ||
| 006 | a|||||r|||| 00| 0 | ||
| 007 | ta | ||
| 008 | 220923b |||||||| |||| 00| 0 eng d | ||
| 020 | _a0870145126 | ||
| 037 | _cGeneral Book | ||
| 040 |
_aRTL _cRTL _beng |
||
| 041 |
_2eng _aeng |
||
| 082 | _aX9(D3):731:(B28).73.N7, L5 | ||
| 100 |
_aStraszheim Mahlon R. _9321393 |
||
| 245 | 0 | _aEconometric analysis of the urban housing market | |
| 260 |
_aNew York _bNational Bureau of Economic Research U. S. A. _c1973 |
||
| 300 |
_axv, 203p. Bibliography p.195-97; Appendix p.174-94 _ccm. |
||
| 490 | _aNational Bureau of Economic Research; Urban and Regional Studies. 2. | ||
| 650 |
_aHousing Industry _9231829 |
||
| 942 |
_hX9(D3):731:(B28).73.N7, L5 _cGB _2CC |
||
| 999 |
_c630286 _d630286 |
||